Panama City-Tocumen Airport (PTY) Destinations - Statistics

General Stats
  • This quiz has been taken 363 times
  • The average score is 57 of 89
Answer Stats
Hint Answer % Correct
Aeroméxico, Aeroméxico Connect Mexico City
96%
Avianca, Copa Airlines Bogotá
94%
Air France Paris-Charles de Gaulle
94%
Air Europa, Iberia Madrid
92%
Copa Airlines, LASER Airlines, Venezolana Caracas
91%
American Airlines, American Eagle, Copa Airlines Miami
91%
Copa Airlines Los Angeles
90%
Copa Airlines New York-JFK
90%
Air Canada Rouge, Copa Airlines Toronto-Pearson
90%
Copa Airlines Santiago
88%
Copa Airlines Colombia Santiago de los Caballeros
88%
Avianca, Copa Airlines San José (CR)
87%
Air China Beijing-Capital
85%
Copa Airlines Buenos Aires-Ezeiza
85%
Air China, United Airlines Houston-Intercontinental
85%
KLM Amsterdam
84%
Delta Atlanta
84%
Copa Airlines Lima
84%
Copa Airlines San Francisco
84%
Copa Airlines Quito
83%
Copa Airlines São Paulo-Guarulhos
83%
Lufthansa Frankfurt
82%
Turkish Airlines Istanbul-Atatürk
81%
Copa Airlines Colombia Medellín
81%
Spirit Airlines, Copa Airlines Orlando
81%
Copa Airlines Cancún
80%
Copa Airlines Havana
80%
Copa Airlines Chicago-O'Hare
79%
Copa Airlines Brasília
78%
Avianca, Copa Airlines San Salvador
78%
Copa Airlines Colombia Cali
77%
Copa Airlines Washington-Dulles
76%
Copa Airlines Boston
74%
Copa Airlines Guatemala City
74%
Copa Airlines Santo Domingo
74%
Copa Airlines Guadalajara
73%
Copa Airlines Montreal-Trudeau
72%
Copa Airlines Rio de Janeiro-Galeão
72%
Copa Airlines Tampa
71%
Copa Airlines Denver
70%
Copa Airlines Kingston
70%
Copa Airlines Managua
70%
United Airlines Newark
70%
Copa Airlines Guayaquil
69%
Copa Airlines Montevideo
68%
Copa Airlines Monterrey
67%
Copa Airlines Tegucigalpa
67%
Copa Airlines Las Vegas
66%
Copa Airlines Cartagena de Indias
65%
LOT Airlines Warsaw
64%
Copa Airlines Asunción
63%
Copa Airlines Punta Cana
63%
Copa Airlines Nassau
62%
Copa Airlines San Juan
61%
Copa Airlines Manaus
60%
Copa Airlines Port-au-Prince
59%
Copa Airlines Belo Horizonte-Confins
58%
Copa Airlines New Orleans
58%
Copa Airlines Belize City
57%
Copa Airlines Georgetown-Cheddi Jagan
57%
Spirit Airlines, Copa Airlines Fort Lauderdale
56%
Copa Airlines, Venezolana Maracaibo
56%
Copa Airlines Port of Spain
55%
Copa Airlines Colombia Barranquilla
54%
Copa Airlines Córdoba
54%
Copa Airlines Recife
54%
Copa Airlines Salvador
53%
Copa Airlines Fortaleza
50%
Copa Airlines Colombia San Pedro Sula
50%
Copa Airlines Porto Alegre
49%
Copa Airlines Santa Cruz de la Sierra
49%
Copa Airlines Aruba
48%
Copa Airlines Curaçao
43%
Copa Airlines Liberia (CR)
41%
Copa Airlines Montego Bay
41%
Copa Airlines Mendoza
40%
Copa Airlines Rosario
40%
Copa Airlines Puerto Vallarta
37%
Copa Airlines David
34%
Copa Airlines, Turpial Airlines Valencia (VE)
33%
Copa Airlines Barbados
32%
Copa Airlines Colombia Bucaramanga
31%
Copa Airlines St. Maarten
30%
Copa Airlines Colombia Pereira
23%
Copa Airlines Colombia San Andrés
23%
Copa Airlines Holguín
19%
Copa Airlines Salta
16%
Copa Airlines Santa Clara
14%
Copa Airlines Chiclayo
12%
No matching quizzes found
Score Distribution
Percent of People with Each Score
Percentile by Number Answered
Your Score History
You have not taken this quiz